|
|
|
|
| LEADER |
00000nam0a2200000 4500 |
| 001 |
144304 |
| 005 |
20231031143611.0 |
| 010 |
|
|
|a 5750801128
|
| 029 |
1 |
0 |
|a RU
|b 4.1.100-96 - 4.1.197-96
|c МУК
|
| 035 |
|
|
|a (RuTPU)RU\TPU\book\156390
|
| 035 |
|
|
|a RU\TPU\book\156362
|
| 090 |
|
|
|a 144304
|
| 100 |
|
|
|a 20081001d1998 k a0rusy50 ca
|
| 101 |
0 |
|
|a rus
|
| 102 |
|
|
|a RU
|
| 105 |
|
|
|a a l 000zy
|
| 200 |
1 |
|
|a Измерение концентраций вредных веществ в воздухе рабочей зоны
|a Сборник методических указаний МУК 4.1.100-96 - МУК 4.1.197-96
|h Выпуск 29
|
| 205 |
|
|
|a Изд. офиц.
|
| 210 |
|
|
|a Москва
|c Минздрав России
|d 1998
|
| 215 |
|
|
|a 429 с.
|c табл.
|
| 225 |
1 |
|
|a 4.1. Методы контроля. Химические факторы
|
| 225 |
1 |
|
|a Государственное санитарно-эпидемиологическое нормирование Российской Федерации
|
| 229 |
|
|
|a Утверждены Главным государственным санитарным врачом Российской Федерации 8 июня 1996 г.
|
| 610 |
1 |
|
|a методические указания
|
| 610 |
1 |
|
|a МУК
|
| 610 |
1 |
|
|a методы контроля
|
| 610 |
1 |
|
|a химические факторы
|
| 610 |
1 |
|
|a измерение
|
| 610 |
1 |
|
|a концентрация
|
| 610 |
1 |
|
|a вредные вещества
|
| 610 |
1 |
|
|a воздух рабочей зоны
|
| 610 |
1 |
|
|a воздух
|
| 610 |
1 |
|
|a рабочая зона
|
| 675 |
|
|
|a 614(083)
|v 3
|
| 801 |
|
1 |
|a RU
|b 63413507
|c 20080930
|g PSBO
|
| 801 |
|
2 |
|a RU
|b 63413507
|c 20221207
|g PSBO
|
| 942 |
|
|
|c BK
|